000 00567nam a2200229Ia 4500
003 OSt
005 20221005124726.0
006 a|||||r|||| 00| 0
007 ta
008 221004b |||||||| |||| 00| 0 urd d
024 _a65927
037 _cTextual
040 _aCRL
_cCRL
_burd
041 _2urd
_aurd
082 _aO168,1M03x, C7
100 _aAbidi Muneer Au.
_9635699
245 0 _aNazm-e-Muneer
260 _c1897
650 _aURDU POETRY
942 _hO168,1M03x, C7
_cTEXL
_2cc
999 _c1051424
_d1051424